Loading...
| Science - Biology | 0 | 4 | 0 | 1 | 40 | 87 | 97.00 | 0 | 2 | 4.11 | 17.50 |
| Literature - American | 0 | 4 | 0 | 1 | 40 | 85 | 98.50 | 0 | 3 | 6.15 | 20.00 |
| Literature - British | 0 | 4 | 0 | 1 | 40 | 58 | 93.75 | 0 | 4 | 7.10 | 17.50 |
| History - American | 0 | 3 | 0 | 2 | 30 | 48 | 79.00 | 0 | 1 | 8.21 | 12.50 |
| Fine Arts - Painting and Sculpture | 0 | 3 | 0 | 2 | 30 | 114 | 118.33 | 0 | 3 | 0.00 | 7.50 |
| History - Other | 0 | 3 | 1 | 2 | 25 | 104 | 107.67 | 0 | 3 | 1.13 | 12.50 |
| Fine Arts - Other | 0 | 3 | 1 | 1 | 25 | 73 | 95.67 | 0 | 2 | 5.81 | 10.00 |
| Fine Arts - Classical Music | 0 | 2 | 0 | 1 | 20 | 86 | 108.00 | 0 | 2 | 2.95 | 10.00 |
| Literature - European | 0 | 2 | 0 | 0 | 20 | 95 | 101.50 | 0 | 2 | 2.57 | 12.50 |
| Literature - World | 0 | 2 | 0 | 0 | 20 | 40 | 75.50 | 1 | 2 | 6.78 | 12.50 |
| Philosophy | 0 | 1 | 0 | 1 | 10 | 105 | 105.00 | 0 | 0 | 0.00 | 3.13 |
| Social Science | 0 | 1 | 0 | 1 | 10 | 92 | 92.00 | 0 | 1 | 0.00 | 3.57 |
| Mythology | 0 | 1 | 1 | 0 | 5 | 77 | 77.00 | 0 | 1 | 3.64 | 5.00 |
| History - World | 0 | 1 | 1 | 0 | 5 | 75 | 75.00 | 0 | 0 | 2.99 | 2.50 |
| Popular Culture | 0 | 1 | 1 | 0 | 5 | 73 | 73.00 | 0 | 1 | 6.18 | 12.50 |
| Geography | 0 | 1 | 1 | 0 | 5 | 84 | 84.00 | 0 | 1 | 5.13 | 5.00 |
| Science - Chemistry | 0 | 1 | 1 | 1 | 5 | 105 | 105.00 | 0 | 1 | 0.00 | 2.50 |
| Science - Physics | 0 | 1 | 2 | 0 | 0 | 63 | 63.00 | 0 | 1 | 4.17 | 7.50 |
| Science - Other | 0 | 0 | 1 | 0 | -5 | 0.00 | 0 | 0 | 0.00 | 0.00 | |
| History - European | 0 | 0 | 1 | 0 | -5 | 0.00 | 0 | 0 | 0.00 | 0.00 |